Clubs that have Won the Top Four Divisions of England - Statistics

General Stats
  • This quiz has been taken 17 times
  • The average score is 3 of 5
Answer Stats
Hint Answer % Correct
3 Preston
79%
1 Wolverhampton Wanderers
79%
4 Portsmouth
71%
5 Sheffield United
64%
2 Burnley
50%
No matching quizzes found
Score Distribution
Percent of People with Each Score
Percentile by Number Answered
Your Score History
You have not taken this quiz